| 000 | 00584nam a2200205 u 4500 | ||
|---|---|---|---|
| 005 | 20221022063535.0 | ||
| 008 | 100907s2004 mx r 000 0 spa d | ||
| 020 | _a970051756X | ||
| 035 | _aUPN01000177726 | ||
| 049 | _aCG | ||
| 050 | 4 |
_aHV6439 M6 _bA3.2 |
|
| 100 | 1 |
_aAgustín, José, _d1944- |
|
| 245 | 1 | 3 |
_aLa contracultura en México / _cJosé Agustín. |
| 260 |
_aMéxico : _bDebolsillo, _c2004. |
||
| 300 |
_a168, [70] p. : _bil. |
||
| 440 | 0 |
_aEnsayo. _pCrónica |
|
| 650 | 4 |
_aPANDILLAS - _zMEXICO _916445 |
|
| 650 | 7 |
_aJóvenes _xConducta de vida _2 _916721 |
|
| 905 | _aLibro | ||
| 999 |
_c149829 _d149829 |
||